000
00329nam a2200133Ia 4500
008
150201s2008 xx 000 0 und d
082
_a
612
_b
E08K
100
_a
KHURANA,INDU
245
_a
ESSENTILAS OF MEDICAL PHYSIOLOGY
250
_a
1ST
260
_b
ELSEVIER
_a
DELHI
_c
2008
650
_a
HUMAN PHYSIOLOGY
942
_2
ddc
_c
BK
_0
25
999
_c
1206
_d
1206